| 000 | 00670cam a22001932 4500 | ||
|---|---|---|---|
| 001 | 0000006087 | ||
| 005 | 20151217155830.0 | ||
| 008 | 070913s xx 000 0 eng d | ||
| 020 | _a155256008 : | ||
| 040 |
_aKABU _cKABU |
||
| 245 | 1 | 0 |
_aInformation and communication technologies for development in Africa. volume 3 : _bnetworking institutions of learning - SchoolNet / _ced. by Tina James. |
| 260 |
_aOttawa : _bIDRC, _c2004. |
||
| 300 | _axxvii, 264 p. | ||
| 650 | 0 |
_aInformation technology _zAfrica. _@0000157469 |
|
| 700 | 1 |
_aJames, Tina. _@0000157470 |
|
| 908 | _a070913 | ||
| 950 | _@1 | ||
| 999 |
_c13018 _d13018 |
||